Australian Prime Ministers - Statistics

General Stats
  • This quiz has been taken 378 times
  • The average score is 19 of 29
Answer Stats
Hint Answer % Correct
2010-2013 Julia Gillard
94%
2013-2015 Tony Abbot
94%
2007-2010; 2013 Kevin Rudd
93%
2015-Present Malcolm Turnbull
93%
1996-2007 John Howard
91%
1983-1991 Bob Hawke
90%
1991-1996 Paul Keating
87%
1972-1975 Gough Whitlam
86%
1966-1967 Harold Holt
83%
1939-1941; 1949-1966 Robert Menzies
83%
1901-1903 Edmund Barton
79%
1975-1983 Malcolm Fraser
79%
1941-1945 John Curtin
69%
1903-1904; 1905-1908; 1909-1910 Alfred Deakin
68%
1915-1923 Billy Hughes
62%
1971-1972 William McMahon
58%
1968-1971 John Gorton
57%
1945-1949 Ben Chifley
56%
1908 - 1909; 1910-1913; 1914-1915 Andrew Fisher
50%
1945 Frank Forde
47%
1913-1914 Joseph Cook
47%
1923-1929 Stanley Bruce
46%
1967-1968 John McEwen
45%
1932-1939 Joseph Lyons
44%
1904 Chris Watson
43%
1904-1905 George Reid
40%
1939 Earle Page
38%
1929-1932 James Scullin
38%
1941 Arthur Fadden
37%
No matching quizzes found
Score Distribution
Percent of People with Each Score
Percentile by Number Answered
Your Score History
You have not taken this quiz